01885cam a2200385 i 450000100090000000300090000900500170001800800410003502000180007602000210009403500240011504000640013904300120020308200240021510000460023924501250028526400410041026400100045130000320046133600260049333700280051933800270054750400510057450504010062565000600102665000530108665300250113965500240116470000310118870000310121990600450125094200120129599900170130795201750132419932925EG-ScBUE20220221092240.0170822t2016 mnu f b 001 0 eng d a9780314876119 a0314876111 (pbk) a(OCoLC)ocn970801532 aQCLbengerdacQCLdOCLCOdOCLCFdOCLCOdCAVdDLCdEG-ScBUE an-us---04222a346.082178bAMU1 aAmuial, Shawn S.q(Shawn Simon),eauthor.14aThe blockchain :ba guide for legal and business professionals /cShawn S. Amuial, Josias N. Dewey, and Jeffrey R. Seul. 1aEagan, MN :bThomson Reuters,c2016. 4cc2016 axiv, 238, 10 pages ;c25 cm atextbtxt2rdacontent aunmediatedbn2rdamedia avolumebnc2rdacarrier aIncludes bibliographical references and index.0 aThe fundamentals of blockchain technology -- Smart contracts -- Blockchain protocols -- Decentralized Autonomous Organizations (DAOs) -- Key management for businesses and professional firms -- Digital identification on the blockchain -- Related technologies that complement blockchain technology -- General policy considerations for future regulations -- Conclusion and thoughts about the future. 7aElectronic funds transfersxLaw and legislation.2BUEsh 7aElectronic commercexLaw and legislation.2BUEsh bLLAAWWcFebruary2022 vReading book9342321 aDewey, Josias N.,eauthor.1 aSeul, Jeffrey R.,eauthor. a7bcbcccopycatd2encipf20gy-gencatlg 2ddccBB c29787d29758 00102ddc40708BaccahaMAINbMAINc1STd2022-02-21ePurchaseg1380.00h36425l1m15o346.082178 AMUp000056147r2025-07-15 00:00:00s2022-10-23v1725.00w2022-02-21yBB